| 000 | 00642nam a2200181Ia 4500 | ||
|---|---|---|---|
| 001 | 20467 | ||
| 005 | 20260306172808.0 | ||
| 008 | 260306t2023||||xx |||||||||||||| ||spa|| | ||
| 041 | _aESP | ||
| 082 |
_a343.285 _bC265 T. 1 |
||
| 110 | _aXVI Congreso Nacional de Derecho Constitucional | ||
| 245 | 0 |
_aXIV Congreso nacional de derecho constitucional : _b"a 30 años de vigencia de la Constitución de 1993 y el Bicentenario de la Constitución Peruana de 1823". Homenaje a Domingo García Belaunde. Libro de ponencias |
|
| 260 | _c2023 | ||
| 300 |
_a559 páginas : _c24 cm. |
||
| 650 | _aGEN | ||
| 654 | _aCDE | ||
| 942 |
_cLIB _dJUS _fJUS _2ddc _n |
||
| 999 |
_c20467 _d20467 |
||